000 00717nam a22002537a 4500
999 _c432296
_d432296
001 52176
003 UA-OsUOA
005 20191004144759.0
007 ta
008 20150527b un ||||| |||| 00| 0 ukr d
040 _aUA-OsUOA
_bukr
_cUA-OsUOA
_dUA-OsUOA
041 _aukr
080 _a09.-82-3
090 _a09.-82-3
_bК55
100 _aКобилянська О.
245 _aВ неділю рано зілє копала
260 _aВінніпег
_c1917
300 _a192 с.
650 7 _a0 Загальний відділ.
_2UDC
942 _cBK
_2udc
955 _a3